000 00370nab a22001097u 4500
008 130520b1987 xxu||||| |||| 00| 0 spa d
041 _aspa
100 1 _aSchaumberger, Ch.
_967424
245 0 0 _aHambre de pan y rosas. Hacia un teología feminista del trabajo de la mujer.
_cCh. Schaumberger
773 0 _tConcilium
_gV.2,1987,págs.473-484
_x0210-1041
_wRev134
942 _cAR
999 _c355342
_d355342